000 00827nam a2200217Ia 4500
999 _c41278
_d41278
001 7933
003 GE_BSU
005 20221003123151.0
008 181216s2012ru xx |||||||||||||| ||rus||
020 _a9785713314033
040 _cGE_BSU
041 _arus
080 _a351.86:341.17(4) Ж-91
100 _aЖуркин,Виталий
_914959
245 _aЕвропейская армия:поражения и победы /
_cВиталий Журкин.
264 _aМосква :
_bМеждународные отношения,
_c2012.
300 _a192 стр.:
_c21 см.
653 _aЕвропейская армия:поражения и победы
653 _aევროპული არმია: დამარცხებები და გამარჯვებები
942 _cBK
_2udc